[Event "TOP 16 A group"]
[Site "BELFORT"]
[Date "????.??.??"]
[Round "1.25"]
[White "Chigaev, Maksim"]
[Black "Bassini, Emile"]
[Result "1-0"]
[WhiteElo "2635"]
[BlackElo "2391"]
[PlyCount "145"]
[EventDate "2025.05.??"]
[WhiteTeam "METZ"]
[BlackTeam "BOIS COLOMBES"]
[WhiteTeamCountry "FRA"]
[BlackTeamCountry "FRA"]

1. Nf3 g6 2. e4 Bg7 3. d4 d6 4. Bc4 Nf6 5. Qe2 Nc6 6. e5 dxe5 7. dxe5 Ng4 8. e6
fxe6 9. Bxe6 Qd6 10. Bxc8 Rxc8 11. Nbd2 Nge5 12. Nxe5 Qxe5 13. Qxe5 Nxe5 14.
Ke2 Rd8 15. Ne4 Nc4 16. c3 O-O 17. Rb1 Rf5 18. f3 Ra5 19. a3 Rad5 20. Bf4 c6
21. a4 g5 22. Be3 a6 23. h3 h6 24. Rhc1 Be5 25. Rc2 Kf7 26. Bf2 Bf4 27. Ra1 Nd2
28. g3 Nb3 29. Rh1 Bc7 30. h4 g4 31. Be3 gxf3+ 32. Kxf3 Rf5+ 33. Kg2 Kg6 34.
Re2 h5 35. Rhe1 Rd3 36. Ng5 Nc5 37. Bxc5 Rxg3+ 38. Kh1 Rg4 39. Re6+ Rf6 40.
Rxf6+ exf6 41. Nf3 b6 42. Bg1 Rxa4 43. Re7 Bf4 44. Bxb6 Ra2 45. Re2 Bc1 46.
Rg2+ Kf5 47. b4 Ra3 48. Bd4 a5 49. bxa5 Rxa5 50. Rf2 c5 51. Nd2+ Kg4 52. Bxf6
Kh3 53. Nb3 Ra3 54. Nxc1 Ra1 55. Rf3+ Kg4 56. Rf1 c4 57. Kg1 Rb1 58. Bg5 Rb2
59. Rf2 Rb7 60. Kf1 Rd7 61. Rf4+ Kg3 62. Ne2+ Kh2 63. Ke1 Kh1 64. Rxc4 Rb7 65.
Rb4 Ra7 66. c4 Ra2 67. c5 Rc2 68. Be3 Kg2 69. Kd1 Ra2 70. Rf4 Rb2 71. Rf2+ Kh1
72. Ng3+ Kg1 73. Rxb2# 1-0

[Event "TOP 16 A group"]
[Site "BELFORT"]
[Date "????.??.??"]
[Round "1.26"]
[White "Dionisi, Thomas"]
[Black "Bailet, Pierre"]
[Result "1-0"]
[WhiteElo "2410"]
[BlackElo "2472"]
[PlyCount "107"]
[EventDate "2025.05.??"]
[WhiteTeam "BOIS COLOMBES"]
[BlackTeam "METZ"]
[WhiteTeamCountry "FRA"]
[BlackTeamCountry "FRA"]

1. e4 e5 2. d4 exd4 3. Qxd4 Nc6 4. Qd3 Nf6 5. Nc3 d5 6. Bf4 d4 7. Nb5 Bb4+ 8.
c3 Ba5 9. O-O-O O-O 10. Nxd4 Qe7 11. f3 Bb6 12. Nxc6 bxc6 13. Qc2 Be6 14. Kb1
Rfd8 15. Bd3 Nd7 16. Ne2 Nc5 17. Nd4 Nxd3 18. Nxe6 Nxf4 19. Nxf4 g6 20. Nd3 Rd7
21. Nb4 Rd6 22. Rxd6 Qxd6 23. Qd3 Qf6 24. Rd1 a5 25. Nc2 Rb8 26. a3 h5 27. g3
Qe6 28. Nd4 Qd7 29. Nc2 Qe6 30. Rd2 Bc5 31. Nd4 Qd7 32. Ka2 Bf8 33. Qc4 c5 34.
Nb3 Qh3 35. Nxa5 h4 36. Nc6 hxg3 37. Nxb8 gxh2 38. Rxh2 Qxh2 39. Nd7 Bd6 40.
Qd5 Qh3 41. Nf6+ Kg7 42. Ne8+ Kg8 43. e5 Bf8 44. Nxc7 Qc8 45. Nb5 Qf5 46. Na7
c4 47. Nc6 Kg7 48. Na5 Qd3 49. Qxd3 cxd3 50. Nc4 Kh6 51. b4 Kg5 52. a4 Be7 53.
a5 Bd8 54. Kb3 1-0

[Event "TOP 16 A group"]
[Site "BELFORT"]
[Date "????.??.??"]
[Round "1.27"]
[White "Ganguly, Surya Shekhar"]
[Black "Robert, Mathias"]
[Result "1-0"]
[WhiteElo "2569"]
[BlackElo "2265"]
[PlyCount "91"]
[EventDate "2025.05.??"]
[WhiteTeam "METZ"]
[BlackTeam "BOIS COLOMBES"]
[WhiteTeamCountry "FRA"]
[BlackTeamCountry "FRA"]

1. Nf3 Nf6 2. c4 g6 3. Nc3 Bg7 4. e4 d6 5. d4 O-O 6. Be2 e5 7. O-O Nc6 8. d5
Ne7 9. Ne1 Nd7 10. Nd3 f5 11. f3 f4 12. b4 a5 13. Ba3 axb4 14. Bxb4 b6 15. a4
Nf6 16. Nb5 Ne8 17. a5 c6 18. dxc6 Nxc6 19. axb6 Rxa1 20. Qxa1 Qxb6+ 21. Kh1
Be6 22. Qc3 Nxb4 23. Qxb4 Qc6 24. Rc1 Rf7 25. Bd1 Rb7 26. Ba4 Rb8 27. c5 d5 28.
Nd6 Qa8 29. Bc6 Qa7 30. Nb5 Qa2 31. Bxe8 dxe4 32. fxe4 f3 33. Qb2 fxg2+ 34.
Kxg2 Qa8 35. Qe2 Rxe8 36. Nc7 Qd8 37. Nxe8 Qxe8 38. c6 Bh6 39. Rc3 Bc8 40. Qa2+
Kh8 41. Qd5 Be6 42. Qd6 Bf8 43. Qc7 g5 44. Nf2 Kg8 45. Rc2 Qh5 46. Qxe5 1-0

[Event "TOP 16 A group"]
[Site "BELFORT"]
[Date "????.??.??"]
[Round "1.28"]
[White "Samoun, Florent"]
[Black "Travadon, Loic"]
[Result "0-1"]
[WhiteElo "2261"]
[BlackElo "2447"]
[PlyCount "94"]
[EventDate "2025.05.??"]
[WhiteTeam "BOIS COLOMBES"]
[BlackTeam "METZ"]
[WhiteTeamCountry "FRA"]
[BlackTeamCountry "FRA"]

1. Nf3 d5 2. d4 Nf6 3. c4 e6 4. Nc3 dxc4 5. e3 a6 6. a4 c5 7. Bxc4 Nc6 8. O-O
Be7 9. dxc5 Qxd1 10. Rxd1 Bxc5 11. h3 Bb4 12. Bd3 Ke7 13. e4 Nd7 14. Bf4 f6 15.
Rac1 Nde5 16. Nxe5 Nxe5 17. Be2 g5 18. Bd2 Bd6 19. g3 Bd7 20. f4 gxf4 21. gxf4
Rhg8+ 22. Kf1 Bc5 23. Nd5+ exd5 24. Rxc5 Bxh3+ 25. Kf2 Rg2+ 26. Ke3 Ng4+ 27.
Bxg4 Bxg4 28. Re1 dxe4 29. Bb4 Kf7 30. f5 Re8 31. Rec1 h5 32. Rc7+ Kg8 33. Rc8
Rg3+ 34. Kf2 Rf3+ 35. Kg2 Rxc8 36. Rxc8+ Kg7 37. Rc7+ Kh6 38. Rxb7 h4 39. Rb6
Kg5 40. Be1 e3 41. Re6 h3+ 42. Kg1 Bxf5 43. Re8 Bd3 44. Kh2 Kf4 45. Re6 Rf2+
46. Bxf2 exf2 47. Rxf6+ Bf5 0-1

[Event "TOP 16 A group"]
[Site "BELFORT"]
[Date "????.??.??"]
[Round "1.29"]
[White "Barseghyan, Harutyun"]
[Black "Guerlach, Keigo"]
[Result "1-0"]
[WhiteElo "2450"]
[BlackElo "2148"]
[PlyCount "103"]
[EventDate "2025.05.??"]
[WhiteTeam "METZ"]
[BlackTeam "BOIS COLOMBES"]
[WhiteTeamCountry "FRA"]
[BlackTeamCountry "FRA"]

1. d4 d5 2. Nf3 c6 3. Bf4 Bf5 4. e3 e6 5. c4 Bd6 6. Bg3 Nf6 7. Nc3 O-O 8. Qb3
b6 9. Be2 Qe7 10. Rc1 Bxg3 11. hxg3 Nbd7 12. O-O dxc4 13. Bxc4 c5 14. Qa3 Rfe8
15. Bb5 cxd4 16. Qxe7 Rxe7 17. Nxd4 Nc5 18. b4 Nce4 19. Bc6 Rf8 20. Nxe4 Bxe4
21. f3 Bxc6 22. Nxc6 Rc7 23. e4 g6 24. b5 Kg7 25. Ne5 Rfc8 26. Rc6 Ne8 27. a4
Rxc6 28. Nxc6 a6 29. Rd1 axb5 30. axb5 Nc7 31. Rd7 Nxb5 32. Nd8 Kf8 33. Nxf7
Rc7 34. Ne5 Ke8 35. Rd2 Nc3 36. Rd6 b5 37. Rxe6+ Re7 38. Rc6 Rxe5 39. Rxc3 Kd7
40. Kf2 Kd6 41. Rc8 b4 42. Rb8 Kc5 43. Ke3 Kc4 44. Rc8+ Kb3 45. Kd4 Rb5 46. e5
Ka2 47. e6 Rb7 48. Rc2+ Ka3 49. Re2 Re7 50. Ke5 b3 51. Kf6 Re8 52. Kf7 1-0

[Event "TOP 16 A group"]
[Site "BELFORT"]
[Date "????.??.??"]
[Round "1.30"]
[White "Metzger, Clement"]
[Black "Postny, Evgeny"]
[Result "0-1"]
[WhiteElo "2233"]
[BlackElo "2525"]
[PlyCount "92"]
[EventDate "2025.05.??"]
[WhiteTeam "BOIS COLOMBES"]
[BlackTeam "METZ"]
[WhiteTeamCountry "FRA"]
[BlackTeamCountry "FRA"]

1. e4 c6 2. d4 d5 3. exd5 cxd5 4. Nf3 Nf6 5. c4 g6 6. Nc3 Bg7 7. Bg5 Ne4 8. Be3
Qa5 9. cxd5 O-O 10. Qb3 Nd7 11. Bd3 Nef6 12. O-O Nb6 13. d6 exd6 14. Nb5 Be6
15. Bd2 Bxb3 16. Bxa5 Bc4 17. Bxc4 Nxc4 18. Bb4 Nxb2 19. Rab1 Nc4 20. Rfc1 Rfc8
21. Nxd6 Nxd6 22. Bxd6 Bh6 23. Rc7 Rxc7 24. Bxc7 b6 25. Re1 Rc8 26. Bd6 Nd5 27.
g3 f6 28. Re2 Kf7 29. Kg2 Rc6 30. Ba3 Rc3 31. Bd6 a5 32. Ne1 b5 33. Rc2 b4 34.
Kf1 Ke6 35. Bc5 Rxc2 36. Nxc2 Nc3 37. Bb6 Nxa2 38. Bxa5 Bf8 39. Ne3 b3 40. d5+
Kd7 41. Nc4 Bb4 42. Bxb4 Nxb4 43. d6 Nd3 44. Ke2 Ne5 45. Nb2 Kxd6 46. f4 Ng4
0-1

[Event "TOP 16 A group"]
[Site "BELFORT"]
[Date "????.??.??"]
[Round "1.31"]
[White "Micottis, Dorian"]
[Black "Bremond, Eric"]
[Result "1/2-1/2"]
[WhiteElo "2252"]
[BlackElo "2129"]
[PlyCount "44"]
[EventDate "2025.05.??"]
[WhiteTeam "METZ"]
[BlackTeam "BOIS COLOMBES"]
[WhiteTeamCountry "FRA"]
[BlackTeamCountry "FRA"]

1. e4 e5 2. Nf3 d6 3. d4 exd4 4. Nxd4 Nf6 5. Nc3 Be7 6. Bf4 O-O 7. Qd2 d5 8.
Ndb5 Bb4 9. f3 Ba5 10. O-O-O a6 11. Nd4 dxe4 12. Nb3 Qxd2+ 13. Bxd2 Bb6 14. Bg5
Nbd7 15. Nxe4 Nxe4 16. fxe4 Re8 17. Bd3 Ne5 18. h3 Bd7 19. Nd2 Bb5 20. Nf3 Bxd3
21. cxd3 f6 22. Nxe5 Rxe5 1/2-1/2

[Event "TOP 16 A group"]
[Site "BELFORT"]
[Date "????.??.??"]
[Round "1.32"]
[White "Negre, Emilie"]
[Black "Andriasyan, Siranush"]
[Result "1/2-1/2"]
[WhiteElo "2179"]
[BlackElo "2192"]
[PlyCount "90"]
[EventDate "2025.05.??"]
[WhiteTeam "BOIS COLOMBES"]
[BlackTeam "METZ"]
[WhiteTeamCountry "FRA"]
[BlackTeamCountry "FRA"]

1. d4 Nf6 2. c4 e6 3. Nc3 Bb4 4. a3 Bxc3+ 5. bxc3 Ne4 6. e3 f5 7. Qc2 b6 8. Bd3
Bb7 9. Ne2 Qh4 10. O-O O-O 11. f3 Ng5 12. Bd2 d6 13. a4 Rf6 14. Be1 Qh6 15. Bg3
Nd7 16. a5 Nf7 17. a6 Bc8 18. f4 Nb8 19. e4 Nd8 20. exf5 exf5 21. d5 Nxa6 22.
Nd4 g6 23. Rfe1 Qf8 24. Bh4 Rf7 25. Rxa6 Bxa6 26. Qa4 Nb7 27. Ne6 Nc5 28. Nxc5
bxc5 29. Qxa6 Re8 30. Re6 Ra8 31. Bc2 Qb8 32. h3 Qb2 33. Ba4 Qc1+ 34. Kh2 Qxf4+
35. Bg3 Qg5 36. Qb7 Raf8 37. h4 Qg4 38. Qxa7 f4 39. Bf2 f3 40. g3 Qxc4 41. Re1
Qa2 42. Kg1 c6 43. Qa6 cxd5 44. Qb5 Qd2 45. Rd1 Qxc3 1/2-1/2

[Event "TOP 16 A group"]
[Site "BELFORT"]
[Date "????.??.??"]
[Round "2.1"]
[White "Dardha, Daniel"]
[Black "Narayanan S L"]
[Result "1/2-1/2"]
[WhiteElo "2651"]
[BlackElo "2598"]
[PlyCount "43"]
[EventDate "2025.05.??"]
[WhiteTeam "CHARTRES"]
[BlackTeam "MULHOUSE"]
[WhiteTeamCountry "FRA"]
[BlackTeamCountry "FRA"]

1. e4 e5 2. Nf3 Nc6 3. Bc4 Nf6 4. d3 Bc5 5. Nc3 O-O 6. O-O h6 7. h3 d6 8. Na4
Bb6 9. a3 Bd7 10. c3 Ne7 11. Nxb6 axb6 12. Re1 Ng6 13. d4 b5 14. Bf1 c5 15. Qb3
exd4 16. cxd4 c4 17. Qc2 d5 18. e5 Ne4 19. Be3 Ne7 20. Nd2 Bf5 21. Nxe4 Bxe4
22. Qc1 1/2-1/2

[Event "TOP 16 A group"]
[Site "BELFORT"]
[Date "????.??.??"]
[Round "2.2"]
[White "Navara, David"]
[Black "Maurizzi, Marc`Andria"]
[Result "1/2-1/2"]
[WhiteElo "2657"]
[BlackElo "2607"]
[PlyCount "80"]
[EventDate "2025.05.??"]
[WhiteTeam "MULHOUSE"]
[BlackTeam "CHARTRES"]
[WhiteTeamCountry "FRA"]
[BlackTeamCountry "FRA"]

1. e4 e5 2. Nf3 Nf6 3. Nxe5 d6 4. Nf3 Nxe4 5. d4 d5 6. Bd3 Bd6 7. O-O O-O 8. c4
c6 9. Nc3 Nxc3 10. bxc3 dxc4 11. Bxc4 Bf5 12. Bg5 Qa5 13. Nh4 Be6 14. Bxe6 Qxg5
15. Nf3 Qa5 16. Qb3 Qc7 17. Bf5 g6 18. Bd3 Nd7 19. Rab1 b5 20. c4 bxc4 21. Bxc4
Nb6 22. g3 Rab8 23. Rbc1 Qd7 24. Rfe1 Qf5 25. Qd3 Qxd3 26. Bxd3 Rbc8 27. Kg2 c5
28. Ba6 Rc7 29. dxc5 Rxc5 30. Rxc5 Bxc5 31. Rc1 Bd6 32. Nd4 Rd8 33. Nc6 Rd7 34.
Rd1 Bc5 35. Rxd7 Nxd7 36. Bc4 Kg7 37. f4 f5 38. Kf3 Kf6 39. a4 h6 40. h3 g5
1/2-1/2

[Event "TOP 16 A group"]
[Site "BELFORT"]
[Date "????.??.??"]
[Round "2.3"]
[White "Kamsky, Gata"]
[Black "Puranik, Abhimanyu"]
[Result "1/2-1/2"]
[WhiteElo "2606"]
[BlackElo "2624"]
[PlyCount "37"]
[EventDate "2025.05.??"]
[WhiteTeam "CHARTRES"]
[BlackTeam "MULHOUSE"]
[WhiteTeamCountry "FRA"]
[BlackTeamCountry "FRA"]

1. d4 Nf6 2. c4 e6 3. g3 d5 4. Bg2 Be7 5. Nf3 O-O 6. O-O dxc4 7. Qc2 a6 8. Qxc4
b5 9. Qc2 Bb7 10. Bd2 Nc6 11. e3 Nb4 12. Bxb4 Bxb4 13. a3 Bd6 14. Nbd2 Rc8 15.
e4 Be7 16. b4 a5 17. Rab1 axb4 18. axb4 Ra8 19. Rfe1 1/2-1/2

[Event "TOP 16 A group"]
[Site "BELFORT"]
[Date "????.??.??"]
[Round "2.5"]
[White "Lagarde, Maxime"]
[Black "Rakotomaharo, Fy Antenaina"]
[Result "1/2-1/2"]
[WhiteElo "2622"]
[BlackElo "2441"]
[PlyCount "81"]
[EventDate "2025.05.??"]
[WhiteTeam "CHARTRES"]
[BlackTeam "MULHOUSE"]
[WhiteTeamCountry "FRA"]
[BlackTeamCountry "FRA"]

1. e4 e5 2. Nf3 Nc6 3. Bb5 a6 4. Ba4 Bc5 5. c3 Nge7 6. d4 exd4 7. cxd4 Bb4+ 8.
Nc3 d5 9. exd5 Nxd5 10. O-O O-O 11. Bg5 Nce7 12. Rc1 f6 13. Bd2 Kh8 14. Bb3 Bg4
15. Re1 c6 16. h3 Bh5 17. Rc2 a5 18. Na4 Bxd2 19. Rxd2 Qd6 20. Nc5 b6 21. Re6
Qc7 22. Nd3 Qd7 23. Re1 a4 24. Bxd5 Nxd5 25. Nfe5 Qe8 26. Ng4 Qc8 27. f3 Bg6
28. Ne3 Qd7 29. Nxd5 Qxd5 30. Nb4 Qd6 31. a3 Rfd8 32. Ree2 Bf7 33. Qc2 Rdc8 34.
Qc3 b5 35. Qc5 Qf4 36. Rd1 Bb3 37. Rde1 Bc4 38. Re3 h6 39. Nxc6 Qc7 40. d5 Bxd5
41. Qxd5 1/2-1/2

[Event "TOP 16 A group"]
[Site "BELFORT"]
[Date "????.??.??"]
[Round "2.6"]
[White "Sokolov, Andrei"]
[Black "Bauer, Christian"]
[Result "1/2-1/2"]
[WhiteElo "2458"]
[BlackElo "2561"]
[PlyCount "21"]
[EventDate "2025.05.??"]
[WhiteTeam "MULHOUSE"]
[BlackTeam "CHARTRES"]
[WhiteTeamCountry "FRA"]
[BlackTeamCountry "FRA"]

1. e4 e5 2. Nf3 Nc6 3. Bc4 Bc5 4. d3 d6 5. c3 Nf6 6. Nbd2 a6 7. Bb3 Ba7 8. Nf1
Ne7 9. Ng3 Ng6 10. h3 O-O 11. O-O 1/2-1/2

[Event "TOP 16 A group"]
[Site "BELFORT"]
[Date "????.??.??"]
[Round "2.7"]
[White "Fressinet, Laurent"]
[Black "Navrotescu, Andreea"]
[Result "1-0"]
[WhiteElo "2593"]
[BlackElo "2323"]
[PlyCount "61"]
[EventDate "2025.05.??"]
[WhiteTeam "CHARTRES"]
[BlackTeam "MULHOUSE"]
[WhiteTeamCountry "FRA"]
[BlackTeamCountry "FRA"]

1. Nf3 d5 2. g3 g6 3. Bg2 Bg7 4. d4 Nf6 5. c4 c6 6. O-O dxc4 7. Nc3 O-O 8. e4
b5 9. Qe2 a5 10. Rd1 Ba6 11. e5 Nd5 12. e6 f5 13. Ng5 Bb7 14. h4 Qb6 15. Nf3
Na6 16. h5 Nac7 17. hxg6 hxg6 18. Bg5 Rfe8 19. Nh4 Rad8 20. Nxg6 Rd6 21. Qh5
Rxe6 22. Ne5 Bxe5 23. dxe5 Kg7 24. Nxd5 cxd5 25. Be3 Qc6 26. Rd4 Rg6 27. Rh4
Rg8 28. Qxf5 Bc8 29. e6 Nxe6 30. Bxd5 Qd6 31. Bd4+ 1-0

[Event "TOP 16 A group"]
[Site "BELFORT"]
[Date "????.??.??"]
[Round "2.8"]
[White "Gatineau, Yovann"]
[Black "Daulyte-Cornette, Deimante"]
[Result "1/2-1/2"]
[WhiteElo "2374"]
[BlackElo "2396"]
[PlyCount "78"]
[EventDate "2025.05.??"]
[WhiteTeam "MULHOUSE"]
[BlackTeam "CHARTRES"]
[WhiteTeamCountry "FRA"]
[BlackTeamCountry "FRA"]

1. d4 d5 2. c4 e6 3. Nf3 Nf6 4. Nc3 Nbd7 5. cxd5 exd5 6. Bg5 Bb4 7. e3 c5 8.
dxc5 Qa5 9. Nd2 Bxc3 10. bxc3 Qxc3 11. Rc1 Qa5 12. Bxf6 Nxf6 13. Qc2 Ne4 14.
Bd3 Be6 15. f3 Nxd2 16. Qxd2 Qxd2+ 17. Kxd2 Rc8 18. h4 h5 19. Rc3 Ke7 20. Rb1
Rc7 21. Ra3 Bc8 22. Rxa7 Rxc5 23. a4 Rd8 24. a5 Kf8 25. Rb4 g6 26. Ra8 Ke7 27.
Ra7 Kf8 28. Rd4 Rd7 29. g4 hxg4 30. fxg4 Kg7 31. Rb4 Rdc7 32. g5 Rc1 33. e4
dxe4 34. Bxe4 Ra1 35. Rb6 Ra4 36. Bxb7 Rxb7 37. Rbxb7 Bxb7 38. Rxb7 Rxa5 39.
Rb4 Ra3 1/2-1/2

[Event "TOP 16 A group"]
[Site "BELFORT"]
[Date "????.??.??"]
[Round "2.9"]
[White "Rathanvel, V S."]
[Black "Ganguly, Surya Shekhar"]
[Result "0-1"]
[WhiteElo "2465"]
[BlackElo "2569"]
[PlyCount "60"]
[EventDate "2025.05.??"]
[WhiteTeam "LYON"]
[BlackTeam "METZ"]
[WhiteTeamCountry "FRA"]
[BlackTeamCountry "FRA"]

1. e4 c6 2. d4 d5 3. e5 c5 4. c3 Nc6 5. Be2 Bf5 6. Nf3 e6 7. O-O Bg6 8. Nbd2
cxd4 9. cxd4 Nge7 10. Nb3 Nf5 11. Bg5 Be7 12. Bxe7 Qxe7 13. Bb5 O-O 14. Bxc6
bxc6 15. Rc1 a5 16. h3 Rfb8 17. Qd2 Qb4 18. Qf4 a4 19. Nc5 Qxb2 20. g4 Ne7 21.
h4 h6 22. h5 Be4 23. Nd2 Rb4 24. Ncxe4 dxe4 25. Nc4 Nd5 26. Qxe4 Qxa2 27. Nd6
Qd2 28. Rfd1 Qf4 29. Rxc6 a3 30. Qc2 Rb2 0-1

[Event "TOP 16 A group"]
[Site "BELFORT"]
[Date "????.??.??"]
[Round "2.10"]
[White "Chigaev, Maksim"]
[Black "Fedorchuk, Sergey A"]
[Result "1-0"]
[WhiteElo "2635"]
[BlackElo "2565"]
[PlyCount "73"]
[EventDate "2025.05.??"]
[WhiteTeam "METZ"]
[BlackTeam "LYON"]
[WhiteTeamCountry "FRA"]
[BlackTeamCountry "FRA"]

1. e4 e5 2. Nf3 Nc6 3. d4 exd4 4. Nxd4 Qf6 5. Nxc6 Bc5 6. Qf3 bxc6 7. Nd2 d6 8.
Nb3 Bb6 9. a4 a5 10. Bd2 Qxf3 11. gxf3 Nf6 12. Rg1 g6 13. Rg5 h6 14. Rxa5 Bxa5
15. Bxa5 Be6 16. Bxc7 Kd7 17. Bb6 Bxb3 18. cxb3 Rhb8 19. Bd4 Ke7 20. Bc4 Nd7
21. a5 Nb6 22. Bxb6 Rxb6 23. Kd2 Rbb8 24. Kc3 f5 25. b4 fxe4 26. fxe4 Rf8 27.
b5 cxb5 28. Bd5 Rac8+ 29. Kb4 Rxf2 30. b3 Rcc2 31. Kxb5 Ra2 32. Rxa2 Rxa2 33.
b4 Ra1 34. a6 g5 35. Kb6 g4 36. a7 h5 37. e5 1-0

[Event "TOP 16 A group"]
[Site "BELFORT"]
[Date "????.??.??"]
[Round "2.11"]
[White "Tahay, Alexis"]
[Black "Postny, Evgeny"]
[Result "0-1"]
[WhiteElo "2375"]
[BlackElo "2525"]
[PlyCount "94"]
[EventDate "2025.05.??"]
[WhiteTeam "LYON"]
[BlackTeam "METZ"]
[WhiteTeamCountry "FRA"]
[BlackTeamCountry "FRA"]

1. e4 e5 2. Nf3 Nc6 3. Bb5 a6 4. Ba4 Nf6 5. O-O Be7 6. Re1 b5 7. Bb3 d6 8. c3
O-O 9. h3 Nb8 10. d4 Nbd7 11. Nbd2 c5 12. Nf1 Re8 13. Ng3 Bf8 14. a4 Bb7 15. d5
c4 16. Bc2 g6 17. Nh2 Nc5 18. Qf3 Rb8 19. Be3 Ncd7 20. Ngf1 Be7 21. Nd2 Qc7 22.
Qe2 Nc5 23. Rf1 Bf8 24. f4 exf4 25. Rxf4 Nfd7 26. Raf1 Ne5 27. Bd4 Ncd7 28. Qf2
Re7 29. Qh4 Rbe8 30. Ng4 h5 31. Nxe5 Nxe5 32. Rf6 Bg7 33. R6f2 Qd8 34. Nf3 Bc8
35. Nxe5 dxe5 36. Be3 Rb7 37. Bg5 Qb6 38. Kh2 b4 39. Bd1 bxc3 40. bxc3 Qa5 41.
Qg3 f5 42. Bf6 Rf7 43. Bh4 Qb6 44. exf5 Rxf5 45. Rxf5 Bxf5 46. Bxh5 Bd3 47. Rf6
Bxf6 0-1

[Event "TOP 16 A group"]
[Site "BELFORT"]
[Date "????.??.??"]
[Round "2.12"]
[White "Travadon, Loic"]
[Black "Hejazipour, Mitra"]
[Result "1/2-1/2"]
[WhiteElo "2447"]
[BlackElo "2310"]
[PlyCount "75"]
[EventDate "2025.05.??"]
[WhiteTeam "METZ"]
[BlackTeam "LYON"]
[WhiteTeamCountry "FRA"]
[BlackTeamCountry "FRA"]

1. e4 e5 2. Bc4 Nf6 3. d3 Nc6 4. Nc3 Na5 5. a3 Nxc4 6. dxc4 Be7 7. Nf3 d6 8.
Qd3 Be6 9. Be3 O-O 10. h3 Nd7 11. O-O-O c6 12. Nd5 Bxd5 13. cxd5 Nb6 14. Qb3 c5
15. g4 Qd7 16. Nd2 Qa4 17. Qxa4 Nxa4 18. f4 exf4 19. Bxf4 Nb6 20. Nf3 Rad8 21.
Rhe1 h6 22. c3 Rfe8 23. Kc2 Bf6 24. h4 Nc4 25. g5 hxg5 26. hxg5 Be5 27. Bc1 Bg3
28. Rh1 Ne5 29. Rdf1 Nxf3 30. Rxf3 Be5 31. Rfh3 Kf8 32. g6 fxg6 33. Bg5 Rb8 34.
Rh8+ Kf7 35. Rf1+ Bf6 36. Rh2 Rh8 37. Rhf2 Rbf8 38. e5 1/2-1/2

[Event "TOP 16 A group"]
[Site "BELFORT"]
[Date "????.??.??"]
[Round "2.13"]
[White "Mathieu, Phileas"]
[Black "Bailet, Pierre"]
[Result "1/2-1/2"]
[WhiteElo "2346"]
[BlackElo "2472"]
[PlyCount "35"]
[EventDate "2025.05.??"]
[WhiteTeam "LYON"]
[BlackTeam "METZ"]
[WhiteTeamCountry "FRA"]
[BlackTeamCountry "FRA"]

1. e4 e5 2. Nf3 Nc6 3. Bb5 Nf6 4. O-O Nxe4 5. Re1 Nd6 6. Nxe5 Be7 7. Bf1 Nxe5
8. Rxe5 O-O 9. d4 Bf6 10. Bd3 Bxe5 11. dxe5 Ne8 12. Nc3 d6 13. Qh5 g6 14. Qh6
Be6 15. Bg5 Qd7 16. Ne4 f5 17. Nf6+ Nxf6 18. Bxf6 1/2-1/2

[Event "TOP 16 A group"]
[Site "BELFORT"]
[Date "????.??.??"]
[Round "2.14"]
[White "Barseghyan, Harutyun"]
[Black "Crut, Aurelien"]
[Result "1-0"]
[WhiteElo "2450"]
[BlackElo "2274"]
[PlyCount "77"]
[EventDate "2025.05.??"]
[WhiteTeam "METZ"]
[BlackTeam "LYON"]
[WhiteTeamCountry "FRA"]
[BlackTeamCountry "FRA"]

1. d4 g6 2. Nf3 Bg7 3. Nbd2 d6 4. e4 Nf6 5. Bb5+ c6 6. Bd3 O-O 7. O-O Nbd7 8.
Re1 e5 9. c3 Qc7 10. a4 Re8 11. h3 b6 12. Bc2 Ba6 13. a5 b5 14. dxe5 dxe5 15.
Qe2 Rad8 16. b4 c5 17. Nf1 Bf8 18. Rb1 Rc8 19. Bd3 c4 20. Bc2 Bb7 21. Ng3 Bc6
22. Nh2 Bg7 23. Ng4 Qb7 24. Nh6+ Kf8 25. Qf3 Re6 26. Be3 Bxh6 27. Bxh6+ Ke8 28.
Be3 h5 29. Bg5 Nh7 30. Bd2 Rf6 31. Qe2 Ndf8 32. f4 Rxf4 33. Bxf4 exf4 34. Nf5
gxf5 35. exf5+ Kd8 36. Rbd1+ Nd7 37. Qe7+ Kc7 38. Qd6+ Kd8 39. f6 1-0

[Event "TOP 16 A group"]
[Site "BELFORT"]
[Date "????.??.??"]
[Round "2.15"]
[White "Pak, Alexander"]
[Black "Micottis, Dorian"]
[Result "1-0"]
[WhiteElo "2243"]
[BlackElo "2252"]
[PlyCount "63"]
[EventDate "2025.05.??"]
[WhiteTeam "LYON"]
[BlackTeam "METZ"]
[WhiteTeamCountry "FRA"]
[BlackTeamCountry "FRA"]

1. c4 g6 2. Nc3 c5 3. e4 Bg7 4. g3 Nc6 5. Bg2 a6 6. a4 d6 7. d3 h5 8. h4 Bg4 9.
f3 Bd7 10. Nge2 e6 11. Be3 Nd4 12. Bf2 Ne7 13. Nxd4 cxd4 14. Ne2 Qb6 15. O-O a5
16. b4 axb4 17. a5 Qa7 18. Nc1 O-O 19. Nb3 Nc6 20. f4 b6 21. a6 Qc7 22. g4 hxg4
23. Qxg4 e5 24. f5 Ne7 25. Be1 Bf6 26. Qg3 Kg7 27. fxg6 fxg6 28. Bxb4 Be6 29.
Nxd4 exd4 30. Bxd6 Qd7 31. e5 Nf5 32. Bxf8+ 1-0

[Event "TOP 16 A group"]
[Site "BELFORT"]
[Date "????.??.??"]
[Round "2.16"]
[White "Andriasyan, Siranush"]
[Black "Lux, Hugo de Melo"]
[Result "0-1"]
[WhiteElo "2192"]
[BlackElo "2315"]
[PlyCount "72"]
[EventDate "2025.05.??"]
[WhiteTeam "METZ"]
[BlackTeam "LYON"]
[WhiteTeamCountry "FRA"]
[BlackTeamCountry "FRA"]

1. e4 c5 2. Nf3 Nc6 3. Bb5 Nf6 4. Nc3 Qc7 5. O-O Nd4 6. Re1 a6 7. Bf1 Ng4 8. g3
Nxf3+ 9. Qxf3 Ne5 10. Qe2 e6 11. d3 d6 12. a4 Be7 13. Nd1 O-O 14. c3 Nc6 15.
Ne3 Bd7 16. f4 b5 17. Bh3 Na5 18. axb5 axb5 19. Ng2 Nb3 20. Rxa8 Rxa8 21. Be3
Bc6 22. Bf2 Ra2 23. Qc2 Na1 24. Qb1 Qa5 25. d4 Bf8 26. Qd1 b4 27. e5 bxc3 28.
bxc3 Nc2 29. f5 Nxe1 30. Nxe1 exf5 31. Bxf5 dxe5 32. d5 Bb5 33. d6 Ra1 34. Bb1
Qxc3 35. d7 Bxd7 36. Bxh7+ Kxh7 0-1

[Event "TOP 16 A group"]
[Site "BELFORT"]
[Date "????.??.??"]
[Round "2.17"]
[White "Murzin, Volodar"]
[Black "Bassini, Emile"]
[Result "1-0"]
[WhiteElo "2658"]
[BlackElo "2391"]
[PlyCount "193"]
[EventDate "2025.05.??"]
[WhiteTeam "TREMBLAY"]
[BlackTeam "BOIS COLOMBES"]
[WhiteTeamCountry "FRA"]
[BlackTeamCountry "FRA"]

1. e4 c5 2. Nf3 Nc6 3. Bb5 g6 4. Bxc6 bxc6 5. O-O Bg7 6. Re1 Nf6 7. e5 Nd5 8.
c4 Nc7 9. d4 cxd4 10. Qxd4 Ne6 11. Qh4 d6 12. Rd1 Rb8 13. Nc3 O-O 14. b3 h5 15.
Bb2 Rb7 16. exd6 exd6 17. Qxd8 Rxd8 18. Na4 Bxb2 19. Nxb2 c5 20. Rd2 Rbd7 21.
Rad1 f6 22. Ne1 Bb7 23. f3 Bc6 24. Nc2 Kf7 25. Ne3 Nd4 26. Kf2 h4 27. h3 Re7
28. Nc2 Nf5 29. Nd3 Rde8 30. Nc1 g5 31. Re2 Re5 32. Ree1 Rxe1 33. Nxe1 a5 34.
Nc2 a4 35. b4 cxb4 36. Nxb4 Bb7 37. Ncd3 Ng3 38. Re1 Rb8 39. a3 Bc8 40. Nb2 Bf5
41. Nxa4 Ra8 42. Nc3 Rxa3 43. Nb5 Rb3 44. Nxd6+ Kg6 45. Nd5 Rb2+ 46. Kg1 Be6
47. Ne7+ Kh7 48. c5 Bd7 49. c6 Bxc6 50. Nxc6 Rb6 51. Re7+ Kg6 52. Rc7 Rb1+ 53.
Kf2 Rb2+ 54. Ke1 Rxg2 55. Ne7+ Kh6 56. Ng8+ Kg6 57. Ne7+ Kh6 58. Ne8 Re2+ 59.
Kd1 Re6 60. Rd7 g4 61. fxg4 Ne4 62. Nf5+ Kg5 63. Nc7 Re5 64. Rg7+ Kf4 65. Nxh4
Nf2+ 66. Kd2 Kg3 67. Ng6 Ra5 68. h4 Kxg4 69. Ne6 Ne4+ 70. Ke3 Ng3 71. Ne5+ Kf5
72. Nd4+ Kxe5 73. Rxg3 Ra1 74. Nf3+ Kf5 75. Nd4+ Ke5 76. Nc6+ Kd6 77. Nb4 Ke5
78. Rf3 Rh1 79. Nd3+ Ke6 80. Rf4 Rh3+ 81. Ke2 f5 82. Ra4 Kf6 83. Ne1 Rh2+ 84.
Ke3 Kg6 85. Nf3 Rb2 86. Kf4 Rb7 87. Ra6+ Kh5 88. Ra5 Rb4+ 89. Kxf5 Rb3 90. Kf4+
Kh6 91. Rd5 Rb4+ 92. Nd4 Rb1 93. Nf5+ Kg6 94. Rd6+ Kh7 95. Kg5 Rg1+ 96. Kh5 Rg2
97. Rh6+ 1-0